000 00719nam a2200229Ia 4500
003 OSt
005 20220923212536.0
006 a|||||r|||| 00| 0
007 ta
008 220922b |||||||| |||| 00| 0 hin d
024 _a153,919
037 _cTextual
040 _aARTS
_cARTS
_bhin
041 _2hin
_ahin
082 _aO152vN5, J6
100 _aशर्मा, जगन्नाथ प्रसाद
245 0 _aहिन्दी गद्य साहित्य का इतिहास
246 _aHindī gadya sāhitya kā itihāsa
260 _c1956
942 _hO152vN5, J6
_cTEXL
_2CC
999 _c309547
_d309547